Quizzes
Events
Quiz Creation
Community
Videos
Private Events
Remove Ads
Sign In
Join for FREE
Feedback
Dark Mode
Quiz Categories
Sports
Geography
Music
Movies
Television
Just For Fun
Miscellaneous
History
Literature
Language
Science
Gaming
Entertainment
Religion
Holiday
For Kids
Quiz Lab
Recent
Popular Today
Quiz Kudos Today
Editor Picks
Curator Picks
Quizzes by...
Day
Popularity
Type
Ratings
Length
Year
Community
Subscriptions
Recent Discussions
Orange Saloon
Badges
Playlists
Quests
Create
Leaderboards
Showdown
Live 5
Trivia Bingo
Activity
Puzzle Library
Sporcle Events
Private Events
Virtual Trivia
Globe League
Become a Host
Pub Owners
SporcleCon
Opinionation
Our Games
Videos
Blog
Mobile Apps
Partnerships
Remove Ads and Go Orange
Feedback
Television
TV Characters
TV Show
Sitcom
Network
Friends
Reality Shows
Cast
South Park
Star Trek
The Simpsons
Doctor Who
Television
TV Characters
TV Show
Sitcom
Network
Friends
Reality Shows
Cast
South Park
Star Trek
The Simpsons
Doctor Who
Random Quiz
Search Sporcle
×
Quiz Lab
Quiz Lab
Television
Clickable
Select answers by clicking on text or image buttons
Select answers by clicking on text or image buttons
Clickable
Best Score? Go Orange.
Burton Guster's Nicknames (Clickable) Stats
Can you pick the nicknames or aliases that have been given to Burton Guster throughout the six season of the televisi?
By
lucyinthesky9
3m
15 Questions
258 Plays
258 Plays
258 Plays
Comments
Comments
Give Quiz Kudos
Give Quiz Kudos
-
- Ratings
hide this ad
More Info
Random Order
Randomize order of answers
Randomize order of answers
Replay
Link that replays current quiz
Next Quiz
Link to next quiz in quiz playlist
You Got
0%
They Got
Avg Score
69%
Avg Friend Score
Upgrade to see
Score Distribution
Jump to the score distribution portion of the page
Score
0/15
Timer
03:00
0
Plays Today
% Correct
Ghee Buttersnaps
85.7%
Gus Sillypants Jackson
82.6%
Big Head Burton
81.8%
Gus T.T. Showbizz
79.1%
Ovaltine Jenkins
76.4%
Lavender Gooms
76%
Squirts Macintosh
71.3%
Tap Man
69.4%
% Correct
Felicia Fancybottom
68.2%
Donut Holestein
67.8%
Santonio Holmes
65.1%
Lemongrass Gogoloab
63.6%
Mr. Tibbs
61.6%
Fellatio del Toro
47.7%
Mission Figz
39.5%
Quiz Playlist
Details
Report
Send in Message
Add To Playlist
More Info:
Pick out the nickname or aliases that have been given to Burton Guster over the past six years on the show Psych.
Clickable:
Select answers by clicking on text or image buttons
Random Order:
Randomize order of answers
Quiz Source
Last Updated: Feb 16, 2017
Quiz Scoreboard
CHALLENGE
Sign Up to Join the Scoreboard
Show All
Scores
Hide
Comments
May contain spoilers
Recently Published
Presidents Visiting Landmarks
by Hejman
History
7m
An Introduction to Baseball
by treessimontrees
Sports
5m
Movies - When Are They Set?
by FPL_Elf
Movies
5m
More to Explore
Quiz From the Vault
Featured Blog Post
Where Did the Easter Bunny Come From?
hide this ad
You Might Also Like...
Tags
Actor Quiz
Clickable Quiz
name
Psych Characters
Psych Episodes
Today's Top Quizzes in Television
Browse Television
hide this ad
Today's Top Quizzes in Clickable
Browse Clickable
Top Contributed Quizzes in Television
1
5-to-1: The Simpsons Families
2
5-to-1: Television Doctors
3
7-to-1: TV Show Settings
4
One Piece Logic Puzzle
5
5-to-1: Streaming Originals
6
Survivor Seasons
7
Survivor Logic Puzzle: Heroes vs. Villains
8
TV Shows by First Names
9
Survivor Season by Logo
10
One Thing in Common: Television
Explore More
Trending Topics
Marvel
NBA
Anime
Crossword
Disney
Kpop
Harry Potter
Song
The Office
NFL
Puzzle
Country
Soccer
Pokémon
WWE
hide this ad
More By:
lucyinthesky9
Quiz
Plays
Rating
Category
Featured
Created
Lord of the Rings or IKEA?
163,344
4.61
Literature
Feb 29, 2012
Harry Potter: Last Words
163,032
4.43
Literature
Jan 2, 2010
TV Show by Couple
148,148
4.08
Television
Feb 22, 2010
FRIENDS and Lovers
137,467
4.09
Television
Oct 25, 2009
Star Wars: Characters by First and Last Lines
126,321
4.45
Movies
Aug 2, 2011
Go to Creator's Profile
Score Distribution
Quiz Creator Spotlight
lucyinthesky9
Follow
Send a Message
Quizzes Created
-
Created Quiz Play Count
-
More By This Creator
Popular Quizzes Today
1
Find the US States - No Outlines Minefield
2
Find the Countries of Europe - No Outlines Minefield
3
The Countries of the World
4
Find the US States
5
Popular People in 1961
6
US States
7
Risky Map Clicking: Biggest States A-Z
8
Movies - When Are They Set?
More Television Quizzes
The 100: Main Characters
Curator's Pick
Trending Quizzes
Risky Map Clicking: Least Populous States A-Z
1-10 Letter G Words
1-10 Letter F Words
Risky Map Clicking: Next State Alphabetically
Risky Map Clicking: Biggest States A-Z
Recently Updated
Leaping Animals
pecheneg
Reality TV Shows (A-Z)
bhenderson79
Rickey Henderson's Hall of Fame Teammates
pecheneg
Champions League XIs: Arsenal
pecheneg
Quick Pick: Celebrities in WWE's Hall of Fame
aduchscher
A-Z Keypad Blitz II
pecheneg
Multiple Oscar Actors
pecheneg
Mystery Phrase Blitz: Oscar 'Best Actors'
pecheneg
F. Scott Fitzgerald Novels
LTH
Pick 3 Villains
ddd62291
Trending Topics
Harry Potter
NBA
Kpop
Disney
Marvel
Anime
Crossword
Puzzle
Soccer
Song
WWE
Country
NFL
The Office
Pokémon
Your Account Isn't Verified!
In order to create a playlist on Sporcle, you need to verify the email address you used during registration. Go to your
Sporcle Settings
to finish the process.
Report this User
Report this user for behavior that violates our
Community Guidelines
.
Details:
Send Report
Go to the Sporcle.com Mobile Site →
Comments